LEADER 01917nam 2200589 a 450 001 9910452985403321 005 20200520144314.0 010 $a1-61324-766-4 035 $a(CKB)2550000001042245 035 $a(EBL)3019805 035 $a(SSID)ssj0000854423 035 $a(PQKBManifestationID)12392463 035 $a(PQKBTitleCode)TC0000854423 035 $a(PQKBWorkID)10903166 035 $a(PQKB)10133914 035 $a(MiAaPQ)EBC3019805 035 $a(Au-PeEL)EBL3019805 035 $a(CaPaEBR)ebr10671370 035 $a(OCoLC)923661954 035 $a(EXLCZ)992550000001042245 100 $a20101118d2012 uy 0 101 0 $aeng 135 $aur|n|---||||| 181 $ctxt 182 $cc 183 $acr 200 00$aTMR research in insulating granular magnetic materials$b[electronic resource] /$fShigeo Honda ... [et al.], editors 210 $aNew York $cNova Science Publishers$dc2012 215 $a1 online resource (149 p.) 225 1 $aMaterials science and technologies 300 $aDescription based upon print version of record. 311 $a1-61122-867-0 320 $aIncludes bibliographical references and index. 410 0$aMaterials science and technologies series. 606 $aElectric insulators and insulation$xMaterials 606 $aGranular materials$xElectric properties 606 $aMagnetic films 606 $aMagnetoresistance 608 $aElectronic books. 615 0$aElectric insulators and insulation$xMaterials. 615 0$aGranular materials$xElectric properties. 615 0$aMagnetic films. 615 0$aMagnetoresistance. 676 $a620/.43 701 $aHonda$b Shigeo$f1943-$0969362 801 0$bMiAaPQ 801 1$bMiAaPQ 801 2$bMiAaPQ 906 $aBOOK 912 $a9910452985403321 996 $aTMR research in insulating granular magnetic materials$92202805 997 $aUNINA LEADER 01083oam 2200313zu 450 001 9910679402803321 005 20210803234617.0 035 $a(CKB)1000000000743606 035 $a(SSID)ssj0000079417 035 $a(PQKBManifestationID)11972474 035 $a(PQKBTitleCode)TC0000079417 035 $a(PQKBWorkID)10076471 035 $a(PQKB)10390166 035 $a(EXLCZ)991000000000743606 100 $a20160829d1999 uy 101 0 $aeng 181 $ctxt 182 $cc 183 $acr 200 10$aEffective Techniques for Managing and Handling Insurance Claims: A Practical Guide to Handling Personal and Commercial Claims 210 31$a[Place of publication not identified]$cThorogood$d1999 300 $aBibliographic Level Mode of Issuance: Monograph 311 $a1-85418-076-2 700 $aCollins$b Fred$01018107 801 0$bPQKB 906 $aBOOK 912 $a9910679402803321 996 $aEffective Techniques for Managing and Handling Insurance Claims: A Practical Guide to Handling Personal and Commercial Claims$92559710 997 $aUNINA